000 00412nam a2200133Ia 4500
008 211109s9999||||xx |||||||||||||| ||und||
082 _a495
_bUNI-S
100 _aUniversity Of Madras,
245 0 _aSelections In Telngu Vol Ii For B A
260 _bNATIONAL BOOKSTALL
_aKottayam
_c1900
630 _xGeneral Stack
650 _aLANGUAGES OF EAST AND SOUTH ASIA
_vOTHER LANGUAGESLANGUAGES
_xGeneralia
942 _cBOOK
999 _c5660
_d5660